000 00628nam a2200181Ia 4500
003 GCL
008 140319s9999 xx 000 0 ara d
040 _aGCL /
_cGCL
082 0 4 _a214
_bم م
100 1 _aمحمد عبدالله السمان
245 1 0 _aمحنة الاقليات المسلمة فى العالم /
_cمحمد عبدالله السمان
260 _aالقاهرة :
_bدار الاعتصام ،
_c1989
300 _a250 ص ؛
_c19 سم
490 _aقضايا اسلامية معاصرة
_v0
650 0 4 _aالاسلام فى اسيا
650 0 4 _aالاقليات الدينية
942 _2ddc
_cBK
999 _c32196
_d32196